Missing Word: Julia Roberts Quiz Stats

Quiz Updated Mar 5, 2016

Challenge
Share
Tweet
Embed
Score 0/20 Timer 03:00
5 Plays Today
Hint Answer % Correct
_____ WomanPretty
94.3%
My Best Friend's _____Wedding
93.5%
Mona Lisa _____Smile
89.9%
Eat ____ LovePray
88.8%
_____ MagnoliasSteel
88.7%
_____ ElevenOcean's
88.7%
_____ with the EnemySleeping
82.6%
Charlie Wilson's _____War
82%
_____ to Talk AboutSomething
77.8%
_____ BrideRunaway
76.1%
Hint Answer % Correct
The _____ BriefPelican
72.8%
_____ HillNotting
68.8%
Mystic _____Pizza
68.2%
Erin _____Brockovich
63.8%
I _____ TroubleLove
60.7%
America's _____Sweethearts
39.2%
_____ DayValentine's
32.2%
_____ TheoryConspiracy
29.3%
_____ Says I Love youEveryone
15.1%
Mary _____Reilly
12.5%

Today's Daily Dose

You're not logged in!

Compare scores with friends on all Sporcle quizzes.
Sign Up with Email
OR
Log In

You Might Also Like...

Show Comments

Extras

Top Quizzes Today


Score Distribution

Your Account Isn't Verified!

In order to create a playlist on Sporcle, you need to verify the email address you used during registration. Go to your Sporcle Settings to finish the process.